| 000 | 00581nam a22001337a 4500 | ||
|---|---|---|---|
| 040 | _cRUA | ||
| 082 | _aVEM SEN 2021 B1-530 Or. | ||
| 100 | _aSENG BAN,សេង បាន | ||
| 245 | _aCASE OF DIARRHEA IN CHICKEN IN SAMRONGTONG DISTRICT,KAMPONG SPEU PROVINCE,ករណីជំងឺរាគមាន់នៅស្រុកសំរោងទង ខេត្តកំពង់ស្ពឺ | ||
| 260 |
_aphnom penh _brua _c2021 |
||
| 300 |
_aix.33p. _bill. _c29cm. |
||
| 856 | _uhttps://drive.google.com/file/d/1jZfQYc9QnV7x4uhAWUgJXTiWGMViyzdG/view?usp=sharing | ||
| 942 | _cVEM | ||
| 999 |
_c21762 _d21762 |
||